[Event "TCh-CRO Gp1B"]
[Site "Sibenik CRO"]
[Date "2010.09.04"]
[Round "1"]
[White "Sax,G"]
[Black "Erdos,V"]
[Result "1/2-1/2"]
[WhiteElo "2529"]
[BlackElo "2576"]
[EventDate "2010.09.04"]

1. e4 e5 2. Nf3 Nc6 3. d4 exd4 4. Nxd4 Bc5 5. Nxc6 Qf6 6. Qd2 dxc6 7. Nc3
Bd4 8. Bd3 Ne7 9. O-O Ng6 10. Kh1 Ne5 11. Be2 Ng4 12. Nd1 Qd6 13. f4 Nxh2
14. Kxh2 Qh6+ 15. Kg3 Qg6+ 16. Kh2 1/2-1/2

[Event "TCh-CRO Gp1B"]
[Site "Sibenik CRO"]
[Date "2010.09.04"]
[Round "1"]
[White "Gonda,L"]
[Black "Rogulj,B"]
[Result "1-0"]
[WhiteElo "2550"]
[BlackElo "2412"]
[EventDate "2010.09.04"]

1. d4 Nf6 2. c4 g6 3. Nc3 d5 4. cxd5 Nxd5 5. e4 Nxc3 6. bxc3 Bg7 7. Bg5 c5
8. Rc1 Qa5 9. Qd2 h6 10. Be3 cxd4 11. cxd4 Qxd2+ 12. Kxd2 O-O 13. Bd3 Nc6
14. Ne2 Rd8 15. Rc4 f5 16. Rb1 e5 17. d5 fxe4 18. Bxe4 Be6 19. Nc3 Ne7 20.
Rxb7 Nxd5 21. Nxd5 Bxd5 22. Bxd5+ Rxd5+ 23. Kc2 Rd6 24. Rcc7 Bf8 25. Rxa7
Rad8 26. a4 Rd1 27. Rc6 g5 28. a5 Ra1 29. a6 Ra2+ 30. Kb1 Ra3 31. Rb7 Rd1+
32. Kc2 Rda1 33. a7 R1a2+ 34. Kd1 Rd3+ 35. Ke1 Ra1+ 36. Ke2 e4 37. Rc8 Ra2+
38. Ke1 Ra1+ 39. Bc1 Rda3 40. Rbb8 Rxc1+ 41. Rxc1 Rxa7 42. Rcc8 Rf7 43. Re8
Kg7 44. Rxe4 Bd6 45. Rb6 1-0

[Event "TCh-CRO Gp1B"]
[Site "Sibenik CRO"]
[Date "2010.09.04"]
[Round "1"]
[White "Srbis,J"]
[Black "Paljusaj,E"]
[Result "1-0"]
[WhiteElo "2277"]
[BlackElo "2309"]
[EventDate "2010.09.04"]

1. e4 c5 2. Nf3 Nc6 3. d4 cxd4 4. Nxd4 e5 5. Nb5 d6 6. N1c3 a6 7. Na3 b5 8.
Nd5 Nf6 9. Bg5 Be7 10. Bxf6 Bxf6 11. c4 b4 12. Nc2 Rb8 13. b3 O-O 14. g3 g6
15. Nxf6+ Qxf6 16. Bg2 a5 17. O-O Rb7 18. Qd5 Rc7 19. a3 Nd4 20. Nxd4 Rc5
21. Qa8 exd4 22. axb4 axb4 23. Qa4 Rh5 24. Qxb4 g5 25. Ra7 Qh6 26. Qd2 f5
27. exf5 Bxf5 28. Qxd4 Be6 29. Qxd6 Rf6 30. Ra8+ Kg7 31. Qd8 Rxh2 32. Qh8+
Kg6 33. Be4+ Rf5 34. Ra6 1-0

[Event "TCh-CRO Gp1B"]
[Site "Sibenik CRO"]
[Date "2010.09.04"]
[Round "1"]
[White "Biliskov,V"]
[Black "Orak,L"]
[Result "1-0"]
[WhiteElo "2296"]
[BlackElo "2317"]
[EventDate "2010.09.04"]

1. d4 Nf6 2. c4 g6 3. Nc3 Bg7 4. e4 d6 5. h3 O-O 6. Bg5 Qe8 7. Nf3 e5 8. d5
Nh5 9. Qd2 f5 10. exf5 gxf5 11. O-O-O Na6 12. Be2 Nc5 13. g3 Nf6 14. Qc2
Nfe4 15. Nxe4 fxe4 16. Nh4 b5 17. Be3 Nd3+ 18. Bxd3 exd3 19. Rxd3 c5 20.
dxc6 Qxc6 21. Rhd1 bxc4 22. Rxd6 Qc7 23. g4 Rb8 24. Nf5 Bxf5 25. gxf5 e4
26. Rd7 Qe5 27. Bd4 Qf4+ 28. Kb1 Bxd4 29. Qxc4+ 1-0

[Event "TCh-CRO Gp1B"]
[Site "Sibenik CRO"]
[Date "2010.09.04"]
[Round "1"]
[White "Car,T"]
[Black "Soric,R"]
[Result "1-0"]
[WhiteElo "2252"]
[BlackElo "2069"]
[EventDate "2010.09.04"]

1. e4 d6 2. Bc4 Nf6 3. Qe2 Nbd7 4. f4 e5 5. Nf3 h6 6. O-O c6 7. Kh1 b5 8.
Bb3 a5 9. a4 Ba6 10. d4 b4 11. Bc4 Bxc4 12. Qxc4 d5 13. Qxc6 Rc8 14. Qb5
dxe4 15. Nxe5 Rxc2 16. Nd2 Bd6 17. Ndc4 Qc7 18. Ne3 1-0

[Event "TCh-CRO Gp1B"]
[Site "Sibenik CRO"]
[Date "2010.09.04"]
[Round "1"]
[White "Sedlak,N"]
[Black "Georgiev,Ki"]
[Result "0-1"]
[WhiteElo "2550"]
[BlackElo "2685"]
[EventDate "2010.09.04"]

1. d4 d5 2. c4 dxc4 3. Nf3 Nf6 4. Nc3 e6 5. e4 Bb4 6. Bg5 c5 7. Bxc4 cxd4
8. Nxd4 Qa5 9. Bb5+ Bd7 10. Bxf6 gxf6 11. O-O a6 12. Bxd7+ Nxd7 13. Rc1 Rd8
14. a3 Be7 15. Qe2 Ne5 16. Rfd1 O-O 17. Qh5 Kh8 18. Nce2 Rd7 19. Rc3 Nc6
20. Qxa5 Nxa5 21. Rdc1 Rfd8 22. g3 Rxd4 23. Nxd4 Rxd4 24. Rc8+ Bd8 25. Rb8
Rd7 26. Rcc8 Nc6 27. Ra8 Kg7 28. b4 f5 29. a4 Bb6 30. a5 Bc7 31. exf5 exf5
32. b5 axb5 33. a6 bxa6 34. Rg8+ Kf6 35. Rxa6 Rd6 36. Rc8 Ne5 0-1

[Event "TCh-CRO Gp1B"]
[Site "Sibenik CRO"]
[Date "2010.09.04"]
[Round "1"]
[White "Tratar,M"]
[Black "Bogosavljevic,B"]
[Result "1/2-1/2"]
[WhiteElo "2475"]
[BlackElo "2554"]
[EventDate "2010.09.04"]

1. d4 d5 2. c4 c6 3. e3 Nf6 4. Nc3 g6 5. Nf3 Bg7 6. Be2 O-O 7. O-O Bg4 8.
cxd5 cxd5 9. Qb3 Qb6 10. Nxd5 Nxd5 11. Qxd5 Nc6 12. h3 Bf5 13. Qb5 Rfd8 14.
Bd2 e5 15. Qxb6 axb6 16. dxe5 Nxe5 17. Bc3 Nxf3+ 18. Bxf3 Bxc3 19. bxc3 Ra3
20. Rfd1 Rxd1+ 21. Rxd1 Rxc3 22. Bd5 Rc7 23. g4 Bd7 24. Kh2 h6 25. Kg3 Kf8
26. Rd4 Bc6 27. Bb3 Rd7 28. Rxd7 Bxd7 29. h4 g5 30. f4 f6 31. hxg5 hxg5 32.
e4 Ke7 33. Kf3 b5 34. a3 b6 35. e5 gxf4 36. exf6+ Kxf6 37. Kxf4 Bxg4 38.
Kxg4 Ke5 39. Bd1 Kd4 40. Be2 b4 41. axb4 b5 42. Bxb5 1/2-1/2

[Event "TCh-CRO Gp1B"]
[Site "Sibenik CRO"]
[Date "2010.09.04"]
[Round "1"]
[White "Medak,B"]
[Black "Dimitrijevic,Da"]
[Result "1-0"]
[WhiteElo "2346"]
[BlackElo "2262"]
[EventDate "2010.09.04"]

1. Nf3 d6 2. d4 Bg4 3. e4 Nf6 4. Nc3 c6 5. h3 Bxf3 6. Qxf3 e6 7. Be3 d5 8.
Bd3 Be7 9. Qg3 g6 10. O-O O-O 11. Bh6 Re8 12. e5 Nh5 13. Qg4 c5 14. dxc5
Nc6 15. f4 Bxc5+ 16. Kh2 a6 17. Bg5 Qc7 18. Qh4 Be7 19. Bxe7 Rxe7 20. Rae1
Rd7 21. g4 Ng7 22. Qg3 Re8 23. a3 Kh8 24. Ne2 Qd8 25. Qf2 f6 26. Ng1 fxe5
27. fxe5 Kg8 28. Nf3 Rf7 29. Qe3 Ref8 30. c3 Rf4 31. Kg3 R4f7 32. Qh6 Rxf3+
33. Rxf3 Rxf3+ 34. Kxf3 d4 35. c4 Qa5 36. Re4 Nxe5+ 37. Ke2 Nc6 38. Qd2 Qc7
39. Qf4 e5 40. Qf6 Ne8 41. Qe6+ Kg7 42. Qxe8 1-0

[Event "TCh-CRO Gp1B"]
[Site "Sibenik CRO"]
[Date "2010.09.04"]
[Round "1"]
[White "Franic,M"]
[Black "Tomerlin,S"]
[Result "1-0"]
[WhiteElo "2382"]
[BlackElo "2300"]
[EventDate "2010.09.04"]

1. d4 d6 2. c4 Nf6 3. Nc3 g6 4. e4 Bg7 5. Be2 O-O 6. Be3 Nc6 7. Nf3 Bg4 8.
O-O Nd7 9. Ne1 Bxe2 10. Nxe2 e5 11. d5 Ne7 12. f3 f5 13. b4 Nf6 14. Nc3 Qd7
15. Nd3 fxe4 16. fxe4 Ng4 17. Qd2 Nxe3 18. Qxe3 a6 19. a4 Kh8 20. b5 Ng8
21. c5 Bh6 22. Qe2 Rxf1+ 23. Rxf1 axb5 24. axb5 Qe7 25. c6 b6 26. Nb4 Ra5
27. Na6 Kg7 28. g3 Ra3 29. Nd1 Nf6 30. Kg2 Bg5 31. Rf3 Ra4 32. Nf2 h5 33.
Qc2 Rd4 34. Rd3 Ng4 35. Nxg4 hxg4 36. Rxd4 exd4 37. Qe2 Be3 38. Qxg4 d3 1-0

[Event "TCh-CRO Gp1B"]
[Site "Sibenik CRO"]
[Date "2010.09.04"]
[Round "1"]
[White "Sasvari,Z"]
[Black "Doric,N"]
[Result "1/2-1/2"]
[WhiteElo "2225"]
[BlackElo "2325"]
[EventDate "2010.09.04"]

1. c4 c6 2. Nc3 d5 3. cxd5 cxd5 4. d4 Nf6 5. Nf3 Nc6 6. Bf4 e6 7. a3 Ne4 8.
Qd3 Qa5 9. Nd2 Nxd2 10. Qxd2 Be7 11. e3 O-O 12. Rc1 Bd7 13. Bd3 Be8 14. O-O
Rc8 15. Qe2 Qd8 16. b4 f5 17. Rc2 g5 18. Be5 Nxe5 19. dxe5 d4 1/2-1/2

[Event "TCh-CRO Gp1B"]
[Site "Sibenik CRO"]
[Date "2010.09.04"]
[Round "1"]
[White "Antunovic,I"]
[Black "Dulic,G"]
[Result "1-0"]
[WhiteElo "2153"]
[BlackElo "2243"]
[EventDate "2010.09.04"]

1. Nf3 d5 2. c4 d4 3. g3 c5 4. d3 Nc6 5. Bg2 e5 6. O-O Bd6 7. e3 Nge7 8.
exd4 exd4 9. Ng5 Bf5 10. Ne4 O-O 11. Na3 a6 12. Re1 Qd7 13. Nxd6 Qxd6 14.
Bf4 Qd7 15. Be4 Ng6 16. Qf3 Bg4 17. Qg2 Bh3 18. Qf3 Rae8 19. Nc2 Kh8 20.
Bxg6 hxg6 21. Qd5 Rxe1+ 22. Rxe1 Rd8 23. Qxd7 Rxd7 24. Re8+ Kh7 25. a3 Bf5
26. Ne1 f6 27. h4 b5 28. cxb5 axb5 29. f3 Rd5 30. g4 Bd7 31. Ra8 c4 32.
dxc4 bxc4 33. Kf2 g5 34. hxg5 fxg5 35. Bd2 Rb5 36. Bc1 Ne5 37. a4 Rb3 38.
Ra5 Nd3+ 39. Nxd3 Rxd3 40. Rc5 Bxa4 41. Rxc4 Bd1 42. b4 Rxf3+ 43. Ke1 Rd3
44. Bb2 Bxg4 45. Rxd4 Re3+ 46. Kf1 Bh3+ 47. Kf2 Rb3 48. Bc1 g4 49. Bf4 Kg6
50. Bd6 Rf3+ 51. Ke2 Kf5 52. Bc7 Bf1+ 53. Ke1 Bd3 54. Rd7 Kf6 55. Kd2 Bf5
56. Rd6+ Kg5 57. Ke2 Rb3 58. Bd8+ Kf4 59. Bc7 Rb2+ 60. Rd2+ 1-0

[Event "TCh-CRO Gp1B"]
[Site "Sibenik CRO"]
[Date "2010.09.04"]
[Round "1"]
[White "Ragger,M"]
[Black "Saric,Ib"]
[Result "1-0"]
[WhiteElo "2628"]
[BlackElo "2565"]
[EventDate "2010.09.04"]

1. Nf3 Nf6 2. c4 e6 3. g3 d5 4. d4 Bb4+ 5. Bd2 Be7 6. Bg2 O-O 7. O-O c6 8.
Qc2 b6 9. Rd1 Bb7 10. Nc3 Na6 11. a3 Qc8 12. e4 Nxe4 13. Nxe4 dxe4 14. Qxe4
c5 15. d5 Re8 16. Qc2 exd5 17. cxd5 Nc7 18. Ng5 Bxg5 19. Bxg5 Nb5 20. Be3
Nd6 21. b4 Nf5 22. d6 Nxe3 23. fxe3 Rd8 24. bxc5 Bxg2 25. Qxg2 Qxc5 26. Rd3
g6 27. d7 Rab8 28. Rad1 b5 29. h4 a5 30. Qe4 b4 31. axb4 axb4 32. Rd5 Qc6
33. Qe5 h5 34. Rd6 Qc2 35. Rf1 Qc3 36. Qd5 1-0

[Event "TCh-CRO Gp1B"]
[Site "Sibenik CRO"]
[Date "2010.09.04"]
[Round "1"]
[White "Berczes,D"]
[Black "Bogut,Z"]
[Result "1-0"]
[WhiteElo "2520"]
[BlackElo "2451"]
[EventDate "2010.09.04"]

1. d4 Nf6 2. c4 e6 3. Nf3 c5 4. d5 exd5 5. cxd5 d6 6. Nc3 g6 7. Nd2 Bg7 8.
e4 O-O 9. Be2 Re8 10. O-O Nbd7 11. a4 a6 12. f4 c4 13. Kh1 Nc5 14. e5 dxe5
15. fxe5 Rxe5 16. Nxc4 Rf5 17. Bf4 g5 18. Be3 Nfe4 19. Nxe4 Nxe4 20. Qc2
Rxf1+ 21. Rxf1 Nd6 22. Bxg5 Qxg5 23. Nxd6 Bd7 24. Qc7 Qd8 25. Qxd8+ Rxd8
26. Nxb7 Rb8 27. Nc5 Rxb2 28. Bh5 Bf5 29. Bxf7+ Kxf7 30. Rxf5+ Kg6 31. g4
Rb4 32. h3 Bd4 33. d6 Bxc5 34. Rxc5 Rd4 35. Rc6 Kg5 36. Rxa6 Rd2 37. Rc6
Kh4 38. Rc3 Rxd6 39. Ra3 Ra6 40. a5 h5 41. gxh5 Kxh5 42. Kg2 Kg5 43. Kg3
Kf5 44. h4 Rg6+ 45. Kh3 Ra6 46. Ra4 Ke5 47. h5 Kf5 48. Kh4 Kf6 49. Kg4 Kf7
50. Kf5 Rh6 51. Kg5 Ra6 52. Ra1 Kg7 53. Kf4 Kf7 54. Kf5 Ke7 55. Ke4 Kd7 56.
Rh1 Rh6 57. a6 Rxa6 58. h6 Ra8 59. h7 1-0

[Event "TCh-CRO Gp1B"]
[Site "Sibenik CRO"]
[Date "2010.09.04"]
[Round "1"]
[White "Filipovic,Ma"]
[Black "Brulic,D"]
[Result "1-0"]
[WhiteElo "2351"]
[BlackElo "2331"]
[EventDate "2010.09.04"]

1. d4 Nf6 2. c4 e6 3. Nc3 Bb4 4. Qc2 O-O 5. a3 Bxc3+ 6. Qxc3 d5 7. Nf3 dxc4
8. Qxc4 b6 9. g3 Ba6 10. Qc2 c5 11. Bg2 Nbd7 12. O-O Rc8 13. Qd1 Qe7 14.
Re1 Bb7 15. Qa4 a5 16. Be3 Bc6 17. Qd1 Rfd8 18. Rc1 Be4 19. Qa4 Bc6 20. Qb3
Bd5 21. Qb5 Bc6 22. Qa6 Ra8 23. Qc4 Ne4 24. Ne5 Bd5 25. Qc2 cxd4 26. Bxd4
Nxe5 27. Bxe5 Nc5 28. Qc3 f6 29. Bd4 Rac8 30. Bxd5 Rxd5 31. b4 axb4 32.
axb4 Rcd8 33. bxc5 Rxd4 34. cxb6 Rb4 35. Rb1 Rxb1 36. Rxb1 Rb8 37. Qc6 Rb7
38. Qc8+ Kf7 39. Rc1 1-0

[Event "TCh-CRO Gp1B"]
[Site "Sibenik CRO"]
[Date "2010.09.04"]
[Round "1"]
[White "Susak,Z"]
[Black "Bender,I"]
[Result "0-1"]
[WhiteElo "2214"]
[BlackElo "2292"]
[EventDate "2010.09.04"]

1. e4 c5 2. c3 d5 3. exd5 Qxd5 4. d4 Nf6 5. Nf3 e6 6. Be3 cxd4 7. cxd4 Be7
8. Nc3 Qd6 9. Bd3 O-O 10. O-O Nc6 11. Qe2 b6 12. a3 Bb7 13. h3 Rad8 14.
Rad1 Qb8 15. Bb1 Rd7 16. Rfe1 Rfd8 17. Qc2 g6 18. Ba2 Ba8 19. Qe2 Qb7 20.
Qf1 a6 21. Bb1 b5 22. Ne4 Nxe4 23. Bxe4 Qb8 24. Bb1 Bf6 25. Be4 Nxd4 26.
Bxa8 Qxa8 27. Nxd4 Bxd4 28. Rxd4 Rxd4 29. Bxd4 Rxd4 30. Rd1 e5 31. Rxd4
exd4 32. Qd3 Qd5 33. b3 Qc5 34. Kf1 Qc1+ 35. Ke2 Qb2+ 36. Ke1 Qxa3 37. Qxd4
Qxb3 38. Qd8+ Kg7 39. Qd4+ f6 40. Qa7+ Kh6 41. Qxa6 Qc3+ 42. Ke2 b4 43. Qd3
Qb2+ 44. Kf3 Qa3 45. Ke2 g5 46. Qd8 Qa2+ 47. Kf3 Qf7 48. g4 b3 49. Qb8 Kg7
50. Kg2 Qd5+ 51. Kg1 Qc4 52. Qb7+ Kg6 53. Kg2 Qe6 54. Qb5 Kg7 55. Qb7+ Qf7
56. Qb5 h5 57. Qb4 hxg4 58. hxg4 Qe6 59. Kh3 Qd5 60. Qe7+ Kg6 61. Qe8+ Qf7
62. Qe4+ Kg7 63. Qb4 Qe6 64. Qb7+ Kg6 65. Qb4 Qd5 66. Qc3 Kf7 67. f3 Qb7
68. Qd3 Kg7 69. Kg3 b2 70. Qb1 Qc7+ 71. Kg2 Qc1 72. Qe4 Qd2+ 73. Kh3 Qd7
74. Qb4 Qd5 75. Qe7+ Kg6 76. Qe8+ Qf7 77. Qb5 Qa2 78. Qf5+ Kg7 79. Qd7+ Kh6
80. Qe7 b1=Q 81. Qxf6+ Kh7 82. Qe7+ Kg6 83. Qd6+ Kg7 84. Qe7+ Qf7 85. Qxg5+
Qbg6 86. Qe3 0-1

[Event "TCh-CRO Gp1B"]
[Site "Sibenik CRO"]
[Date "2010.09.04"]
[Round "1"]
[White "Brnas,A"]
[Black "Ivic,Mat"]
[Result "1-0"]
[WhiteElo "2281"]
[BlackElo "2272"]
[EventDate "2010.09.04"]

1. e4 e5 2. Nf3 Nc6 3. Bb5 a6 4. Ba4 Nf6 5. O-O Be7 6. Re1 b5 7. Bb3 d6 8.
c3 O-O 9. h3 Na5 10. Bc2 c5 11. d4 Nd7 12. Nbd2 exd4 13. cxd4 Nc6 14. Nf1
Nb6 15. d5 Nb4 16. Bb1 a5 17. a3 Na6 18. Ne3 Bf6 19. Ng4 Bxg4 20. hxg4 h6
21. Qc2 Be5 22. g5 hxg5 23. Bxg5 f6 24. Nxe5 dxe5 25. Bd2 Nc4 26. Bc1 Nd6
27. b3 Rc8 28. Qe2 c4 29. bxc4 bxc4 30. Bc2 Nb5 31. Be3 Qd6 32. Rec1 Nd4
33. Qg4 Nc5 34. Rab1 Rc7 35. Bd1 Nd3 36. Rc3 f5 37. exf5 Qxd5 38. f6 Rxf6
39. Qh3 Nf4 40. Rb8+ Kf7 41. Bxf4 exf4 42. Qh7 Rf5 43. Bg4 Rg5 44. Qg8+ Kg6
45. Qe8+ Kf6 46. Rb6+ Rc6 47. Qf8+ Kg6 48. Qe8+ Kf6 49. Rxc6+ Nxc6 50. Bf3
Qe6 51. Qxc6 Qxc6 52. Bxc6 Rc5 53. Ba4 Ke5 54. Kf1 Kd4 55. Rc1 Kd3 56. Ke1
Rh5 57. Bc2+ Kd4 58. Ke2 Re5+ 59. Kf3 g5 60. Bg6 Rb5 61. Kg4 Rb2 62. Rc2
Rxc2 63. Bxc2 Kc3 64. Bd1 Kb2 65. Kxg5 Kxa3 66. Kxf4 Kb4 67. Ke3 a4 68.
Bxa4 Kxa4 69. Kd2 Kb3 70. Kc1 Kc3 71. g4 1-0

[Event "TCh-CRO Gp1B"]
[Site "Sibenik CRO"]
[Date "2010.09.04"]
[Round "1"]
[White "Katavic,B"]
[Black "Markotic,G"]
[Result "0-1"]
[WhiteElo "2221"]
[BlackElo "2279"]
[EventDate "2010.09.04"]

1. g3 d5 2. Bg2 c6 3. f4 g6 4. Nf3 Bg7 5. d3 Nh6 6. c3 Qb6 7. e4 dxe4 8.
dxe4 O-O 9. Qe2 e5 10. Be3 Qa6 11. h3 Qxe2+ 12. Kxe2 exf4 13. gxf4 Re8 14.
Nbd2 Nd7 15. Kf2 Bf8 16. b4 c5 17. a3 b6 18. Nh4 Bb7 19. e5 Bxg2 20. Nxg2
f6 21. exf6 Nf5 22. Kf3 Nxf6 23. Nc4 Nd5 24. Rac1 Rac8 25. Rhd1 cxb4 26.
cxb4 Rxc4 27. Rxc4 Ndxe3 28. Re1 Nxc4 29. Rxe8 Nxa3 30. Ra8 Nb5 31. Ne1
Nfd4+ 32. Ke4 Nc6 33. Nd3 Kg7 34. f5 gxf5+ 35. Kf4 Nxb4 36. Nxb4 Bxb4 37.
Kxf5 a5 38. Rb8 Nd6+ 39. Ke6 Bc5 40. Ra8 Ne4 41. Kf5 Nc3 42. Kg5 a4 43.
Ra7+ Kg8 44. h4 a3 45. h5 a2 46. h6 b5 47. Ra8+ Kf7 48. Ra6 b4 0-1

[Event "TCh-CRO Gp1B"]
[Site "Sibenik CRO"]
[Date "2010.09.04"]
[Round "1"]
[White "Gradiser,D"]
[Black "Jukic,Zd"]
[Result "0-1"]
[WhiteElo "1966"]
[BlackElo "2299"]
[EventDate "2010.09.04"]

1. e4 d5 2. exd5 Qxd5 3. c4 Qa5 4. Nf3 Nf6 5. Nc3 c6 6. d4 Bg4 7. Be2 e6 8.
Bd2 Qd8 9. Bg5 Nbd7 10. O-O h6 11. Bh4 Bd6 12. Ne4 Be7 13. Nxf6+ Nxf6 14.
Qd3 O-O 15. Rad1 Bf5 16. Qb3 Qb6 17. Qxb6 axb6 18. a3 g5 19. Bg3 Rac8 20.
h3 Rfd8 21. Be5 Ne4 22. g4 Bg6 23. Bd3 Kh7 24. Rfe1 Nf6 25. Bxg6+ Kxg6 26.
Bg3 h5 27. gxh5+ Nxh5 28. Kg2 Bf6 29. Be5 Bxe5 30. Nxe5+ Kg7 31. Kf3 f6 32.
Kg4 Nf4 33. Nf3 Rh8 34. h4 f5+ 35. Kg3 Nh5+ 36. Kg2 gxh4 37. Nxh4 Kf6 38.
Kf3 Ng7 39. Rh1 Rcd8 40. Ke3 c5 41. Nf3 cxd4+ 42. Nxd4 e5 43. Nc2 f4+ 44.
Ke2 Nf5 45. Rxh8 Rxh8 46. Rd7 e4 47. Nd4 f3+ 48. Nxf3 exf3+ 49. Kxf3 Rb8
50. Ke4 Ke6 51. Rh7 Rd8 52. Rc7 Rd4+ 53. Kf3 Nd6 54. c5 bxc5 55. Rxc5 Rd2
56. b4 Rd3+ 57. Kg4 Rxa3 58. Ra5 Rxa5 59. bxa5 Nc4 60. Kf4 Nxa5 61. Ke4 b5
62. Kd3 b4 63. Kc2 b3+ 64. Kd3 Kf5 65. Kc3 Kf4 0-1

[Event "TCh-CRO Gp1B"]
[Site "Sibenik CRO"]
[Date "2010.09.04"]
[Round "1"]
[White "Rosandic,D"]
[Black "Prpic,I"]
[Result "1/2-1/2"]
[WhiteElo "2265"]
[BlackElo "2011"]
[EventDate "2010.09.04"]

1. e4 c5 2. Nf3 e6 3. c3 Nc6 4. d4 cxd4 5. cxd4 d6 6. Nc3 Nf6 7. Bd3 Be7 8.
O-O O-O 9. Re1 a6 10. a3 b5 11. e5 dxe5 12. dxe5 Nd7 13. Qc2 h6 14. Nxb5
Ncxe5 15. Nxe5 Nxe5 16. Rxe5 axb5 17. Rxb5 Bd7 18. Rh5 f5 19. Bf4 Bf6 20.
Qe2 Re8 21. Be5 Bc6 22. Bc4 Be4 23. Rd1 Qe7 24. Bxf6 Qxf6 25. Rh3 Rab8 26.
b3 Rbd8 27. Re3 Rxd1+ 28. Qxd1 Rd8 29. Qe1 Kf7 30. h3 Bd5 31. Bxd5 exd5 32.
Qd1 d4 33. Rd3 Qd6 34. b4 Kf6 35. Qa1 Ke5 36. Qb2 Qd5 37. Qd2 Qe4 38. f3
Qd5 39. Kf2 Qc4 40. Kg3 g5 41. Kf2 Kd5 42. Qd1 Re8 43. Qb1 f4 44. Rd2 Qc3
45. Qf5+ Kd6 46. Qf6+ Kd5 47. Qf7+ Kd6 48. Qf6+ 1/2-1/2

[Event "TCh-CRO Gp1B"]
[Site "Sibenik CRO"]
[Date "2010.09.04"]
[Round "1"]
[White "Nikcevic,N"]
[Black "Sale,S"]
[Result "1-0"]
[WhiteElo "2400"]
[BlackElo "2400"]
[EventDate "2010.09.04"]

1. Nf3 Nf6 2. c4 g6 3. Nc3 Bg7 4. e4 d6 5. d4 O-O 6. Be2 e5 7. O-O Nbd7 8.
Re1 c6 9. d5 Nc5 10. Bg5 Qb6 11. Qc2 h6 12. Bh4 g5 13. Bg3 Nfxe4 14. Nxe4
Nxe4 15. Qxe4 f5 16. Qc2 f4 17. c5 Qxc5 18. Qxc5 dxc5 19. dxc6 fxg3 20.
hxg3 bxc6 21. Bc4+ Kh8 22. Nxe5 Bf5 23. Rac1 Kh7 24. g4 Bc8 25. Bd3+ Kg8
26. Rxc5 Rb8 27. Nxc6 1-0

[Event "TCh-CRO Gp1B"]
[Site "Sibenik CRO"]
[Date "2010.09.04"]
[Round "1"]
[White "Bilobrk,F"]
[Black "Filipovic,Br"]
[Result "0-1"]
[WhiteElo "2368"]
[BlackElo "2390"]
[EventDate "2010.09.04"]

1. d4 Nf6 2. Nf3 b6 3. g3 Bb7 4. Bg2 g6 5. c4 Bg7 6. Nc3 Ne4 7. Bd2 c5 8.
Nxe4 Bxe4 9. Bc3 Nc6 10. dxc5 Bxc3+ 11. bxc3 bxc5 12. Qd2 O-O 13. Qh6 Bxf3
14. Bxf3 Rc8 15. h4 e6 16. Bxc6 Rxc6 17. Rd1 d6 18. h5 Qe7 19. Qf4 Rb6 20.
O-O g5 21. Qc1 h6 22. Rd3 Rfb8 23. Rfd1 Rb2 24. Rxd6 Rxe2 25. R6d2 Rxd2 26.
Qxd2 Qf6 27. Qd6 Rb2 28. Qxc5 Qf3 29. Ra1 a5 30. Qd4 e5 31. Qc5 Qxc3 32.
Rd1 Qf3 33. Rf1 e4 34. Qd4 Re2 35. Rb1 Kh7 36. c5 Qd3 37. Rd1 Re1+ 0-1

[Event "TCh-CRO Gp1B"]
[Site "Sibenik CRO"]
[Date "2010.09.04"]
[Round "1"]
[White "Vlaic,B"]
[Black "Zelic,Ml"]
[Result "1-0"]
[WhiteElo "2288"]
[BlackElo "2291"]
[EventDate "2010.09.04"]

1. d4 Nf6 2. Nf3 c5 3. d5 b5 4. a4 Bb7 5. axb5 Bxd5 6. Bg5 e6 7. e3 Be7 8.
Be2 O-O 9. O-O Ne4 10. Bxe7 Qxe7 11. Nfd2 f5 12. Nxe4 Bxe4 13. c4 d6 14.
Nc3 Bb7 15. Bf3 Bxf3 16. Qxf3 Nd7 17. Ra6 Ne5 18. Qe2 f4 19. f3 fxe3 20. f4
Ng6 21. Qxe3 Rae8 22. g3 Rf5 23. Qd3 Qf8 24. Qxd6 e5 25. Qxf8+ Rexf8 26.
Nd5 exf4 27. gxf4 R5f7 28. Rc6 Ne5 29. Rxc5 Nd3 30. Rc6 Nxb2 31. Rf3 Re8
32. Re3 Rd8 33. Re5 Rfd7 34. Ne3 Rd4 35. f5 Nd3 36. Re7 Nf4 37. Rcc7 Nh5
38. Rxa7 Rd2 39. c5 Kf8 40. Rf7+ Kg8 1-0

[Event "TCh-CRO Gp1B"]
[Site "Sibenik CRO"]
[Date "2010.09.04"]
[Round "1"]
[White "Bozanic,I"]
[Black "Grgurevic,B"]
[Result "0-1"]
[WhiteElo "2249"]
[BlackElo "2219"]
[EventDate "2010.09.04"]

1. e4 e5 2. Nf3 Nc6 3. Bb5 d6 4. d4 Bd7 5. c4 exd4 6. Nxd4 g6 7. Nc3 Bg7 8.
Be3 Nge7 9. O-O O-O 10. Rc1 Re8 11. Re1 a6 12. Ba4 Ne5 13. Bxd7 Qxd7 14.
Nd5 Ng4 15. Bg5 Nc6 16. Nxc6 bxc6 17. Nc3 Qe6 18. h3 Ne5 19. b3 Nd7 20. Na4
c5 21. Qd2 f5 22. f3 Qf7 23. Nc3 Bd4+ 24. Kh1 Bxc3 25. Rxc3 fxe4 26. fxe4
Ne5 27. Rcc1 Rf8 28. Bh6 Rfe8 29. Rf1 Qe6 30. Rf2 Re7 31. Rcf1 Rf7 32. Rxf7
Nxf7 33. Be3 Qxe4 34. Rf4 Qe6 35. Qf2 Re8 36. Bd2 Ng5 37. Bc3 Nxh3 38. Qh4
0-1

[Event "TCh-CRO Gp1B"]
[Site "Sibenik CRO"]
[Date "2010.09.04"]
[Round "1"]
[White "Malenica,M"]
[Black "Horvat,Sa"]
[Result "1-0"]
[WhiteElo "2225"]
[BlackElo "2189"]
[EventDate "2010.09.04"]

1. d4 Nf6 2. Nf3 g6 3. c4 Bg7 4. Nc3 O-O 5. Bf4 d6 6. e3 Nbd7 7. Be2 c6 8.
O-O a6 9. a3 b5 10. h3 Nb6 11. Nd2 Bd7 12. e4 bxc4 13. Nxc4 Be6 14. Na5 Bd7
15. b4 Ne8 16. Rc1 Nc7 17. Qd2 f5 18. f3 Ne6 19. Be3 f4 20. Bf2 d5 21. e5
Rf5 22. Bd3 Rh5 23. Ne2 Qe8 24. Rc2 g5 25. Bf5 Qf7 26. Bg4 Rc8 27. Bxh5
Qxh5 28. Rfc1 Qf7 29. Qd3 h5 30. Qxa6 Na8 31. Nxc6 Nac7 32. Qd3 g4 33. Na7
Rf8 34. Rxc7 Nxc7 35. Rxc7 Bf5 36. Qd2 gxf3 37. Nxf4 Bh6 38. Nc6 Re8 39.
Be3 fxg2 40. b5 Qf6 41. Nxh5 Bxe3+ 42. Qxe3 Qh4 43. Qg3+ Qxg3 44. Nxg3 Bxh3
45. Nxe7+ Kf8 46. Ng6+ Kg8 47. Nh5 Re6 48. Rg7+ 1-0

[Event "TCh-CRO Gp1B"]
[Site "Sibenik CRO"]
[Date "2010.09.05"]
[Round "2"]
[White "Erdos,V"]
[Black "Dizdarevic,E"]
[Result "1-0"]
[WhiteElo "2576"]
[BlackElo "2475"]
[EventDate "2010.09.04"]

1. d4 e6 2. c4 Nf6 3. Nc3 Bb4 4. Qc2 O-O 5. a3 Bxc3+ 6. Qxc3 d6 7. f3 Nbd7
8. e4 c5 9. Be3 Qc7 10. Rd1 b6 11. Nh3 Bb7 12. Be2 Rac8 13. d5 exd5 14.
cxd5 Rce8 15. O-O Qc8 16. b4 Re7 17. Bg5 h6 18. Bh4 Ree8 19. Rfe1 Ba6 20.
b5 Bb7 21. Bc4 Qc7 22. a4 Bc8 23. Ba2 Re7 24. Nf2 g5 25. Bg3 Rfe8 26. Nd3
Nh5 27. Nb4 Nxg3 28. hxg3 f6 29. Nc6 Rh7 30. f4 Rf8 31. e5 1-0

[Event "TCh-CRO Gp1B"]
[Site "Sibenik CRO"]
[Date "2010.09.05"]
[Round "2"]
[White "Nikcevic,N"]
[Black "Gonda,L"]
[Result "1-0"]
[WhiteElo "2400"]
[BlackElo "2550"]
[EventDate "2010.09.04"]

1. Nf3 c5 2. c4 Nc6 3. d4 cxd4 4. Nxd4 Nf6 5. Nc3 e6 6. Bg5 a6 7. e3 Be7 8.
Be2 Qa5 9. Bh4 Ne4 10. Nxc6 dxc6 11. Bxe7 Nxc3 12. Qd6 Ne4+ 13. Qb4 Qxb4+
14. Bxb4 c5 15. Ba3 b6 16. f3 Nf6 17. b4 cxb4 18. Bxb4 Bd7 19. Kf2 Ba4 20.
Rab1 Nd7 21. Rhc1 Bc6 22. Rd1 O-O-O 23. Be7 Rde8 24. Bd6 Kb7 25. c5 b5 26.
a4 Ra8 27. Rd2 Rhc8 28. Rdb2 Ra7 29. e4 e5 30. Bc4 f6 31. h4 Ka8 32. axb5
axb5 33. Bxb5 Bxb5 34. Rxb5 h5 35. Kg3 Ra6 36. Rb7 1-0

[Event "TCh-CRO Gp1B"]
[Site "Sibenik CRO"]
[Date "2010.09.05"]
[Round "2"]
[White "Biti,O"]
[Black "Filipovic,Br"]
[Result "0-1"]
[WhiteElo "2370"]
[BlackElo "2390"]
[EventDate "2010.09.04"]

1. e4 b6 2. d4 Bb7 3. Nc3 e6 4. Nf3 Bb4 5. Bd3 Nf6 6. Bg5 h6 7. Bxf6 Qxf6
8. O-O Bxc3 9. bxc3 c5 10. Qd2 c4 11. e5 Qd8 12. Be2 Bd5 13. Qe3 Nc6 14.
Nd2 Rc8 15. f4 Ne7 16. Qf2 O-O 17. a4 f6 18. Bf3 f5 19. Rfb1 Bxf3 20. Nxf3
Nd5 21. Qd2 Qc7 22. h4 g6 23. Kf2 Kf7 24. g3 Qc6 25. Rh1 h5 26. Rhb1 a6 27.
Ra3 Rb8 28. Rba1 Nc7 29. Qc1 Ra8 30. Qb2 Nd5 31. Qa2 Rfc8 32. Qb2 Rab8 33.
Qc1 Kg7 34. Qd2 Rc7 35. Ng1 Ra7 36. Ne2 Raa8 37. Qc1 b5 38. axb5 axb5 39.
Ra7 Rxa7 40. Rxa7 Ra8 41. Qa3 Rxa7 42. Qxa7 b4 43. cxb4 Nxb4 44. Qb8 Nd5
45. Qd8 c3 46. Nc1 Kf7 47. Nb3 Qa4 48. Ke1 Ne7 49. Nc5 Qxd4 50. Nxd7 Qe3+
51. Kf1 Qf3+ 52. Ke1 Qxg3+ 53. Ke2 Qg2+ 54. Ke1 Qd2+ 55. Kf1 Qxf4+ 56. Kg2
Qe4+ 57. Kf1 Qf3+ 58. Ke1 Qe3+ 59. Kf1 Qc1+ 60. Kg2 Qxc2+ 61. Kf1 Qc1+ 62.
Kg2 Qd2+ 63. Kf3 Qd3+ 64. Kg2 Qe2+ 65. Kg1 Qe3+ 66. Kg2 Qe4+ 67. Kf1 Qb1+
68. Kg2 Qb7+ 69. Kf2 Qc8 70. Qxc8 Nxc8 71. Ke3 Ne7 0-1